Statistics for British-based airlines

Click here to take the quiz!

General Stats

  • This quiz has been taken 19 times
  • The average score is 5 of 16

Answer Stats

HintAnswer% Correct
.British airways
94%
.Easyjet
94%
.Jet2
69%
.TUI
63%
.Virgin atlantic
56%
.FlyBe
50%
.Loganair
44%
.Aurigney
6%
.Blue islands
6%
.Titan airways
6%
.Aer Lingus UK
0%
.British airways cityflyer
0%
.
Fly Atlantic
0%
.Isles of scilly skybus
0%
.Jet2 holidays
0%
.Ryanair UK
0%

Score Distribution

Percentile by Number Answered

Percent of People with Each Score

Your Score History

You have not taken this quiz